000 00844nas a2200277 4500
001 BR2010001202
003 BR-BrBNA
005 20231205113934.0
007 ta
008 230509b bl.|||p| |||| 00| 00por d
040 _aBR-BrBNA
_bpor
_cBiblioteca Nacional de Agricultura
041 _a(En)
072 _aQ04
100 1 _aSilva, J.B. da
100 1 _aCarrão-Panizzi, M.C.
100 1 _aPrudêncio, S.H.
245 1 _aChemical and physical composition of grain-type and food-type soybean for food processing
650 _aSOJA
650 _aGRÃO
650 _aANÁLISE QUÍMICA
650 _aAMINOÁCIDO
650 _aÁCIDO GRAXO
773 0 _tPesquisa Agropecuária Brasileira (Brazil)
_xISSN 0100-204X
_g(Jul 2009), v. 44(7) p. 777-784
_wBR2010001202
909 _a202311
_bLúcia
_c55
_dLúcia Elande
942 _2AGRIS
_n0
_cANA
999 _c206368
_d206368